Ким я мрію бути ? (Запис № 17181)

000 -Маркер запису
Контрольне поле сталої довжини 01329nam a22002537a 4500
003 - Належність контрольного номера
Контрольне поле Uzh_bibl
008 - Кодовані дані
Контрольне поле сталої довжини 260325b |||||||| |||| 00| 0 ukr d
020 ## - Індекс ISBN
ISBN 978-617-7537-73-0
Ціна 57.00
040 ## - Джерело каталогіз.
Код мови каталог. укр.
041 ## - Код мови видання
Код мови оригіналу французька
Код мови тексту українська
080 ## - Індекс УДК
Індекс УДК 821(44)
090 ## - Шифри
Поличний індекс 821(44)
Авторський знак Г 79
100 ## - Автор
Автор Гребан,Квентін
245 ## - Назва
Назва Ким я мрію бути ?
Відповідальність пер.з фран.М.Марченко
Фізичний носій Текст
260 ## - Вихідні дані
Місце видання Київ
Видавництво Конві принт
Дата видання 2020
300 ## - Фізичний опис
Обсяг 32 с.
Ілл./тип відтвор. іл.
Тип одиниці В опр.
520 ## - Анотація
Анотація Вчителька у школі розпитує учнів, ким вони хочуть бути, коли виростуть. Хтось мріє стати машиністом, хтось лікаркою, хтось поліцейським. А ось Уля поки не знає відповіді на це питання<br/><br/>Книжка допоможе налагодити з дитиною діалог про важливе питання — вибір майбутньої професії!
521 ## - Примітка про цільове призначення
Примітка про цільове призначення Для молодшого шкільного віку
546 ## - Примітка про мову
Примітка про мову укр.
650 ## - Тематичні рубрики
Основна рубрика Літературно-художне видання
653 ## - Ключові слова
Ключові слова Вибір професії
-- Мрії
655 ## - Термін індексування — жанр/форма
Жанр/форма Дитяча література
942 ## - ADDED ENTRY ELEMENTS (KOHA)
Джерело класифікації чи схема поличного розташування
Koha item type Книги
Фонди
Статус вилучення Статус втрати/відсутності Джерело класифікації чи схема поличного розташування Статус пошкодження Тип обігу (не для випозичання) Постійне розташування Поточне розташування Розташування у відділі Дата надходження Джерело надходження (постачальник) Інвентарний номер Повний (примірниковий) шифр зберігання Штрих-код Date last seen Дата, для якої чинна ціна заміни Тип одиниці (рівень примірника)
          Бібліотека-філія №2 Бібліотека-філія №2 Абонемент молодший відділ 16/03/2026 Подаровані 80809 821(44) 19271 25/03/2026 17/03/2026 Книги

Працює на АБІС Коха